|
|
|
|
| LEADER |
00000cam a22000004a 4500 |
| 001 |
musev2_1377 |
| 003 |
MdBmJHUP |
| 005 |
20230905040216.0 |
| 006 |
m o d |
| 007 |
cr||||||||nn|n |
| 008 |
091224s2010 inu o 00 0 eng d |
| 010 |
|
|
|z 2009053205
|
| 020 |
|
|
|a 9780253004505
|
| 020 |
|
|
|z 0253004500
|
| 020 |
|
|
|z 9780253355010
|
| 035 |
|
|
|a (OCoLC)657650192
|
| 040 |
|
|
|a MdBmJHUP
|c MdBmJHUP
|
| 043 |
|
|
|a a-ii---
|
| 050 |
0 |
4 |
|a GT1460
|b .N67 2010
|
| 082 |
0 |
|
|a 363.72/82
|2 22
|
| 100 |
1 |
|
|a Norris, Lucy,
|d 1965-
|
| 245 |
1 |
0 |
|a Recycling Indian Clothing :
|b Global Contexts of Reuse and Value /
|c Lucy Norris.
|
| 264 |
|
1 |
|a Bloomington :
|b Indiana University Press,
|c 2010.
|
| 264 |
|
3 |
|a Baltimore, Md. :
|b Project MUSE,
|c 2012
|
| 264 |
|
4 |
|c ©2010.
|
| 300 |
|
|
|a 1 online resource (256 pages):
|b ill. (some col.) ;
|
| 336 |
|
|
|a text
|b txt
|2 rdacontent
|
| 337 |
|
|
|a computer
|b c
|2 rdamedia
|
| 338 |
|
|
|a online resource
|b cr
|2 rdacarrier
|
| 490 |
0 |
|
|a Tracking globalization
|
| 504 |
|
|
|a Includes bibliographical references and index.
|
| 505 |
0 |
|
|a Recycling Indian clothing: the global context -- Fieldwork contexts -- Looking through the wardrobe -- Love and protection: strategies of conservation -- Sacrifice and exchange -- Adding value: recycling and transformation -- Value and potential.
|
| 588 |
|
|
|a Description based on print version record.
|
| 650 |
|
0 |
|a Recycled products
|z India.
|
| 650 |
|
0 |
|a Culture and globalization
|z India.
|
| 650 |
|
0 |
|a Used clothing industry
|z India.
|
| 650 |
|
0 |
|a Clothing and dress
|z India
|x Remaking.
|
| 650 |
|
0 |
|a Clothing and dress
|x Environmental aspects
|z India.
|
| 650 |
|
0 |
|a Clothing and dress
|z India.
|
| 655 |
|
7 |
|a Electronic books.
|2 local
|
| 710 |
2 |
|
|a Project Muse.
|e distributor
|
| 830 |
|
0 |
|a Tracking globalization.
|
| 830 |
|
0 |
|a Book collections on Project MUSE.
|
| 856 |
4 |
0 |
|z Texto completo
|u https://projectmuse.uam.elogim.com/book/1377/
|
| 945 |
|
|
|a Project MUSE - Custom Collection
|
| 945 |
|
|
|a Project MUSE - 2010 Global Cultural Studies
|
| 945 |
|
|
|a Project MUSE - 2010 Complete
|